=LDR 00000nam 2200000 4500 =001 INLIS000000000042313 =005 20131008015111 =008 ***********************************ind** =035 ##$$0010-101300000000235 =041 ##$$a ind =082 ##$$a 616.994 =090 ##$$a 616.994, Wib m =100 ##$$a Wibisono, Nancy =245 ##$$a Melawan kanker payudara, pencegahan =260 ##$$a 2009 $b Jakarta =300 ##$$a xii, 159 hlm., ilus, 21 cm =850 ##$$a NBPNMAT =990 ##$$a 0001/BPAP-NTB/2016 =990 ##$$a 17161716 =990 ##$$a 0001/BPAP-NTB/2016 =990 ##$$a 01201901716